NBA YoungBoy Slime Cry Tracklist - Statistics

General Stats
  • This quiz has been taken 20 times
  • The average score is 19 of 30
Answer Stats
Answer % Correct
Bruce Wayne
94%
Anti-Social
81%
For You
81%
Vendetta
81%
Another Episode
75%
Mask and Gloves
75%
Me and You
75%
Badder Than Yours
69%
FWYT
69%
Headtap
69%
I Want
69%
Resume
69%
Ballin
63%
Good Dope
63%
Horsepower
63%
Love Speaks
63%
My Life I Apologize
63%
Perfecto
63%
Bang Out
56%
Devil Go Away
56%
Leaving Me
56%
L.O.V.E.H.A.T.E
56%
My Brothers
56%
My Grave
56%
Role Model
56%
Steal The Show
56%
Teary Eyes
56%
Baby Boo
50%
Don't Break
50%
Factor
50%
No matching quizzes found
Score Distribution
Percent of People with Each Score
Percentile by Number Answered
Your Score History
You have not taken this quiz